000 00444nam a2200181Ia 4500
001 3028
005 20260306144850.0
008 260306t2018||||xx |||||||||||||| ||spa||
041 _aESP
082 _a242.2
_bM65
100 _aMisioneros Siervos de los Pobres del Tercer Mundo
_eAUT
245 0 _aImitación de Cristo
260 _c2018
300 _a350 páginas :
_c16 cm.
650 _aGEN
654 _aCHU
942 _cLIB
_dJUS
_fJUS
_2ddc
_n
999 _c3028
_d3028